[Event "Invitation"]
[Site "http://www.queenalice.com/game.php?id=600020"]
[Date "2009.6.7"]
[Round "-"]
[White "francisco_xico"]
[Black "CleoGodoy"]
[Result "0-1"]
[WhiteElo "1500"]
[BlackElo "1713"]

1. e4 e5 2. Bc4 Nf6 3. Nf3 Nc6 4. O-O Nxe4 5. Qe2 d5 6. Qd3 Nb4 7. Qe2 Nxc2 8.
Bb5+ c6 9. d3 Nxa1 10. Bg5 Nxg5 11. Qxe5+ Ne6 12. Nc3 Nc2 13. Ba4 Bd6 14. Qe2
Nb4 15. a3 Na6 16. b4 O-O 17. d4 Re8 18. Qd2 Qb6 19. Bc2 Qd8 20. g3 Nac7 21. Ne2
a5 22. Nh4 axb4 23. a4 b6 24. f4 c5 25. g4 Qxh4 26. Qe1 Qxg4+ 27. Kf2 Nxf4 28.
Rg1 Rxe2+ 29. Kf1 Qh3+ 30. Rg2 Qxg2# 0-1

[Event "Challenge"]
[Site "http://www.queenalice.com/game.php?id=600995"]
[Date "2009.6.9"]
[Round "-"]
[White "jtorres"]
[Black "francisco_xico"]
[Result "1-0"]
[WhiteElo "1193"]
[BlackElo "1438"]

1. e4 Nf6 2. Nc3 d5 3. e5 Bf5 4. exf6 exf6 5. d3 Be7 6. Qf3 Nc6 7. Bf4 Qd7 8.
Nb5 O-O 9. O-O-O a6 10. Nxc7 Nd4 11. Qe3 Bc5 12. Nf3 Rae8 13. Qd2 Rc8 14. Qa5 b6
15. Qxa6 Rcd8 16. b4 Bxb4 17. Qxb6 Qa4 18. Nxd4 Qxa2 19. Qxb4 Rb8 20. Qe7 g5 21.
Nxf5 h6 22. Qxf6 Qa3+ 23. Kd2 Qb2 24. d4 Qb4+ 25. Kd3 Qa3+ 26. c3 Rb3 27. Qg7#
1-0

[Event "Challenge"]
[Site "http://www.queenalice.com/game.php?id=601654"]
[Date "2009.6.11"]
[Round "-"]
[White "bady"]
[Black "francisco_xico"]
[Result "1-0"]
[WhiteElo "793"]
[BlackElo "1277"]

1. e4 d6 2. Nf3 Nf6 3. e5 Nc6 4. exf6 gxf6 5. Nc3 e5 6. Nd5 a6 7. b4 Bf5 8. Rb1
Qe7 9. Nxe7 Bxe7 10. Rg1 O-O-O 11. Nh4 Be6 12. b5 axb5 13. Rxb5 Bc4 14. Bxc4
Rhg8 15. Nf5 Rde8 16. Bxf7 Rd8 17. Qh5 Rg5 18. Qh3 Nd4 19. Nxe7+ Kb8 20. Ra5 b6
21. Ra6 Nxc2+ 22. Kd1 Nd4 23. Qxh7 Kb7 24. Qd3 Rf8 25. Bd5+ c6 26. Nxc6 Kc7 27.
Qh7+ Kc8 28. Ra8# 1-0

[Event "Challenge"]
[Site "http://www.queenalice.com/game.php?id=604565"]
[Date "2009.6.16"]
[Round "-"]
[White "RobinL"]
[Black "francisco_xico"]
[Result "1-0"]
[WhiteElo "1179"]
[BlackElo "1277"]

1. e4 e5 2. Nf3 Nf6 3. Nc3 Nc6 4. d4 d5 5. dxe5 dxe4 6. Qxd8+ Nxd8 7. Nd4 Nd7 8.
Bf4 Ne6 9. Nxe6 fxe6 10. O-O-O Bc5 11. Nxe4 Rf8 12. g3 h6 13. Bb5 c6 14. Bc4 b5
15. Bxe6 Nxe5 16. Nxc5 Bxe6 17. Nxe6 Kf7 18. Bxe5 Kxe6 19. Bd4 Rf7 20. Rhe1+ Kd7
21. Bxg7+ Kc7 22. Bd4 Rd7 23. Be5+ Kb7 24. Rxd7+ Ka6 25. Re3 c5 26. b3 Rf8 27.
f4 c4 28. b4 Kb6 29. Rd6+ Kb7 30. Bg7 Rf7 31. Bxh6 Rh7 32. Rde6 Rd7 33. Re7 Kc6
34. Rxd7 Kxd7 35. f5 Kd6 36. f6 Kd7 37. f7 Kd6 38. f8=Q+ Kc6 39. Re5 1-0

[Event "Challenge"]
[Site "http://www.queenalice.com/game.php?id=608300"]
[Date "2009.6.24"]
[Round "-"]
[White "CleoGodoy"]
[Black "francisco_xico"]
[Result "1-0"]
[WhiteElo "1722"]
[BlackElo "1277"]

1. e4 e5 2. Nf3 Nf6 3. Bc4 Bc5 4. d3 d6 5. Nc3 Nc6 6. Be3 Be6 7. Ng5 Qe7 8. O-O
O-O-O 9. a3 Rhe8 10. b4 a6 11. bxc5 h6 12. cxd6 Rxd6 13. Bxe6+ fxe6 14. Nf3 g5
15. Bc5 Qh7 16. Bxd6 cxd6 17. Na4 b5 18. Nb2 g4 19. Nd2 Rg8 20. c4 h5 21. cxb5
h4 22. bxc6 Nh5 23. Nbc4 Qc7 24. Qa4 Kd8 25. Qxa6 Ke7 26. Rab1 Rb8 27. Rb7 Kd8
28. Rxc7 Kxc7 29. g3 hxg3 30. fxg3 Kd8 31. Qa7 Kc8 32. Rf8# 1-0

[Event "Challenge"]
[Site "http://www.queenalice.com/game.php?id=612726"]
[Date "2009.7.3"]
[Round "-"]
[White "rheenz"]
[Black "francisco_xico"]
[Result "1-0"]
[WhiteElo "1790"]
[BlackElo "1277"]

1. c4 e5 2. Nc3 c6 3. d4 f6 4. Nf3 d5 5. cxd5 Bd6 6. dxc6 Nxc6 7. dxe5 fxe5 8.
a3 Nf6 9. Bg5 h6 10. Bh4 Be6 11. Ne4 Qa5+ 12. Ned2 O-O-O 13. b4 Qd5 14. Bxf6
gxf6 15. e4 Qxd2+ 16. Nxd2 a6 17. b5 Nd4 18. bxa6 bxa6 19. Qa4 Bd7 20. Qxa6+ Kc7
21. Qa7+ Kc6 22. Rc1+ Bc5 23. Qxc5+ Kb7 24. Rb1+ Ka8 25. Qa5# 1-0

[Event "Challenge"]
[Site "http://www.queenalice.com/game.php?id=612935"]
[Date "2009.7.3"]
[Round "-"]
[White "francisco_xico"]
[Black "mpustil"]
[Result "0-1"]
[WhiteElo "1215"]
[BlackElo "1602"]

1. e4 c5 2. Bc4 e6 3. Nf3 d5 4. exd5 exd5 5. Bb3 c4 6. Ba4+ Nc6 7. O-O Bc5 8.
Re1+ Be6 9. Nc3 Nf6 10. Ne5 Qb6 11. Nxd5 Nxd5 12. Qf3 Ne7 13. d4 Bxd4 14. Rf1
Bxe5 15. Be3 Bd4 16. Rad1 Bxe3 17. Qxe3 Nd5 18. Rxd5 Qxe3 19. fxe3 Bxd5 20. b3
O-O 21. Bb5 cxb3 22. cxb3 Nb4 23. e4 Bxe4 24. Rf4 f5 25. a3 Nd5 26. g3 Nxf4 27.
gxf4 Rfd8 0-1

[Event "Challenge"]
[Site "http://www.queenalice.com/game.php?id=615179"]
[Date "2009.7.8"]
[Round "-"]
[White "Legiao"]
[Black "francisco_xico"]
[Result "0-1"]
[WhiteElo "1083"]
[BlackElo "1213"]

1. e3 e5 2. Bc4 Bc5 3. Qf3 Nf6 4. Qd1 d5 5. Be2 Nc6 6. d4 Bb4+ 7. Bd2 Bf5 8.
Bxb4 Nxb4 9. Na3 c6 10. e4 Bxe4 11. Rc1 exd4 12. c3 Qa5 13. cxb4 Qxb4+ 14. Kf1
Qxb2 15. f3 Bf5 16. Nb1 O-O 17. g4 Bg6 18. Rc2 Bxc2 19. Qe1 Bxb1 20. g5 Nh5 21.
Nh3 Rae8 22. g6 fxg6 23. Ng5 Nf4 24. Qh4 Qxe2+ 25. Kg1 Qg2# 0-1

[Event "Challenge"]
[Site "http://www.queenalice.com/game.php?id=616514"]
[Date "2009.7.10"]
[Round "-"]
[White "Dionnatann"]
[Black "francisco_xico"]
[Result "0-1"]
[WhiteElo "1511"]
[BlackElo "1313"]

1. e3 e5 2. Nc3 Nf6 3. Nge2 d5 4. g3 Bf5 5. Bg2 Bc5 6. O-O Nc6 7. a3 O-O 8. Nb5
a6 9. Nbc3 Ne4 10. Nxe4 Bxe4 11. Bh3 Ne7 12. Nc3 Bf5 13. Bxf5 Nxf5 14. Na4 Bd6
15. Qg4 Qf6 16. Qh5 Rfe8 17. b4 e4 18. g4 g6 19. Qh3 Qxa1 20. Nb2 Ng7 21. f4
Qxa3 22. c3 Qb3 23. Nd1 a5 24. b5 a4 25. Qh6 a3 26. Bxa3 Rxa3 27. Nf2 Qxb5 28.
Nd1 Qe2 29. d4 Qxg4+ 30. Kf2 Ra2+ 31. Ke1 Re2# 0-1

[Event "Challenge"]
[Site "http://www.queenalice.com/game.php?id=616515"]
[Date "2009.7.10"]
[Round "-"]
[White "francisco_xico"]
[Black "Dionnatann"]
[Result "1-0"]
[WhiteElo "1240"]
[BlackElo "1387"]

1. e4 e5 2. Nf3 Nc6 3. Bc4 Qe7 4. d3 Nf6 5. Be3 Ng4 6. h3 Nf6 7. Nc3 d6 8. O-O
b6 9. Nd5 Nxd5 10. exd5 Nb4 11. Bb5+ Bd7 12. Bc4 Bf5 13. a3 Nxc2 14. Qxc2 e4 15.
Bg5 Qd7 16. dxe4 Bg6 17. Rfe1 a6 18. Bd3 h6 19. e5 dxe5 20. Nxe5 Qxd5 21. Nxg6+
Kd7 22. Bf5+ Kd6 23. Bf4+ Qe5 24. Rad1# 1-0

[Event "Challenge"]
[Site "http://www.queenalice.com/game.php?id=619245"]
[Date "2009.7.15"]
[Round "-"]
[White "francisco_xico"]
[Black "CleoGodoy"]
[Result "1-0"]
[WhiteElo "1313"]
[BlackElo "1730"]

1. e4 e5 2. Nf3 Nc6 3. Bc4 Bc5 4. d3 d6 5. Nc3 Nf6 6. Ng5 Bg4 7. f3 Bh5 8. Nxf7
Bxf7 9. Bxf7+ Kxf7 10. Na4 Bb6 11. Nxb6 axb6 12. f4 Rf8 13. O-O Kg8 14. fxe5
Nxe5 15. Bg5 Ned7 16. c4 Ra5 17. Bf4 b5 18. b4 Ra7 19. cxb5 Qe7 20. Qb3+ Qf7 21.
Qc2 Rc8 22. Bxd6 Qe6 23. Bf4 Qb6+ 24. Kh1 Qxb5 25. Qb3+ Kh8 26. Rac1 c6 27. Be3
Ra4 28. Rf5 Qa6 29. e5 Nd5 30. Qxd5 Nf8 31. Rcf1 Ng6 32. Qf7 Qa8 33. e6 Rxa2 34.
Bd4 Rg8 35. Rh5 b5 36. Qxg6 1-0

[Event "Challenge"]
[Site "http://www.queenalice.com/game.php?id=623021"]
[Date "2009.7.22"]
[Round "-"]
[White "francisco_xico"]
[Black "RobinL"]
[Result "1-0"]
[WhiteElo "1290"]
[BlackElo "1157"]

1. e4 e5 2. Nf3 d6 3. Nc3 Nf6 4. d3 Be6 5. h3 d5 6. d4 exd4 7. Nxd4 Nxe4 8. Nxe6
fxe6 9. Nxe4 dxe4 10. Qh5+ g6 11. Qe5 Rg8 12. Qxe6+ Qe7 13. Qxg8 Nd7 14. Bc4
O-O-O 15. O-O Nb6 16. Re1 Qb4 17. Be6+ Kb8 18. Bf4 Bd6 19. Qxd8+ Nc8 20. Qxc8#
1-0

[Event "Challenge"]
[Site "http://www.queenalice.com/game.php?id=675513"]
[Date "2009.10.31"]
[Round "-"]
[White "francisco_xico"]
[Black "RobinL"]
[Result "1-0"]
[WhiteElo "1350"]
[BlackElo "1291"]

1. e4 e5 2. Nf3 Nc6 3. Bb5 Nf6 4. Nc3 d6 5. d4 Bd7 6. d5 Nb4 7. Bxd7+ Qxd7 8. a3
Na6 9. O-O c6 10. Bg5 Be7 11. dxc6 Qxc6 12. Re1 Nc5 13. Bxf6 Bxf6 14. Nd5 O-O-O
15. Qd2 b6 16. a4 Nxa4 17. Nb4 Qb5 18. c4 Qd7 19. Qd5 Nxb2 20. Qa8+ Kc7 21.
Rxa7# 1-0

[Event "Challenge1"]
[Site "http://www.queenalice.com/game.php?id=681117"]
[Date "2009.11.11"]
[Round "-"]
[White "CleoGodoy"]
[Black "francisco_xico"]
[Result "1-0"]
[WhiteElo "1730"]
[BlackElo "1370"]

1. e4 e5 2. Nf3 Nf6 3. Nc3 Nc6 4. Bc4 Nxe4 5. Bxf7+ Kxf7 6. Nxe4 d5 7. Ng3 g6 8.
d3 h5 9. Ng5+ Kg8 10. Qf3 Qd7 11. Ne2 Nb4 12. O-O Nxc2 13. Nc3 Nxa1 14. Nxd5 Qd8
15. Qf7# 1-0

[Event "Revanche2"]
[Site "http://www.queenalice.com/game.php?id=681118"]
[Date "2009.11.11"]
[Round "-"]
[White "francisco_xico"]
[Black "CleoGodoy"]
[Result "1-0"]
[WhiteElo "1368"]
[BlackElo "1742"]

1. e4 e5 2. Nf3 Nc6 3. Nc3 Bc5 4. Nxe5 Bxf2+ 5. Kxf2 Nxe5 6. d4 Qf6+ 7. Kg1 Ne7
8. Be3 N5g6 9. h4 d6 10. Qd2 Nc6 11. h5 Nh4 12. Nd5 Qd8 13. Bg5 Nf3+ 14. gxf3 f6
15. Be3 Be6 16. Nf4 Bf7 17. Bh3 g5 18. Ne6 Bxe6 19. Bxe6 Qe7 20. Bf5 Nd8 21. Qd3
Ne6 22. Qb3 Nd8 23. Rd1 c6 24. Kf2 h6 25. Rhg1 Nf7 26. c4 c5 27. dxc5 dxc5 28.
Qb5+ Kf8 29. Bxc5 Nd6 30. Bxd6 Qxd6 31. Rxd6 Rg8 32. Qxb7 Re8 33. Rxf6# 1-0